Normal view
MARC view
- Low Cost Home Ownership Task Force
Entry Corporate Name
001 - CONTROL NUMBER
- control field: 4583
003 - CONTROL NUMBER IDENTIFIER
- control field: OSt
005 - DATE AND TIME OF LATEST TRANSACTION
- control field: 20190806150234.0
008 - FIXED-LENGTH DATA ELEMENTS
- fixed length control field: 040122n| aaannaabn |n ana d
040 ## - CATALOGING SOURCE
- Original cataloging agency: OSt
- Transcribing agency: OSt
110 ## - HEADING--CORPORATE NAME
- Corporate name or jurisdiction name as entry element: Low Cost Home Ownership Task Force
410 ## - SEE FROM TRACING--CORPORATE NAME
- Corporate name or jurisdiction name as entry element: Government Low Cost Home Ownership Task Force
670 ## - SOURCE DATA FOUND
- Source citation: A home of my own, 2003